La mente cambiante / (Record no. 131127)

MARC details
000 -LEADER
campo de control de longitud fija 00614nam a2200193 4500
001 - NÚMERO DE CONTROL
campo de control 131127
003 - IDENTIFICADOR DE NÚMERO DE CONTROL
campo de control ES-MaACL
005 - FECHA Y HORA DE LA ÚLTIMA TRANSACCIÓN
campo de control 20250731061530.0
007 - CAMPO FIJO DE DESCRIPCIÓN FÍSICA--INFORMACIÓN GENERAL
campo de control de longitud fija t|
008 - DATOS DE LONGITUD FIJA--INFORMACIÓN GENERAL
campo de control de longitud fija 070214s1971 sp r ||||1| spa d
100 1# - ENTRADA PRINCIPAL--NOMBRE DE PERSONA
Nombre de persona Roddam, John.
9 (RLIN) 98103
245 13 - MENCIÓN DEL TÍTULO
Título La mente cambiante /
Mención de responsabilidad, etc. John Roddam ; prólogo de Julián Huxley ; traducción de Jesús Pardo.
260 ## - PUBLICACIÓN, DISTRIBUCIÓN, ETC.
Lugar de publicación, distribución, etc. Barcelona :
Nombre del editor, distribuidor, etc. Plaza & Janés,
Fecha de publicación, distribución, etc. 1971.
300 ## - DESCRIPCIÓN FÍSICA
Extensión 186 p. :
Otras características físicas il. ;
Dimensiones 18 cm.
700 1# - ENTRADA AGREGADA--NOMBRE PERSONAL
Nombre de persona Huxley, Julian.
9 (RLIN) 64859
700 1# - ENTRADA AGREGADA--NOMBRE PERSONAL
Nombre de persona Pardo, Jesús,
Fechas asociadas al nombre 1927-2020
9 (RLIN) 138804
852 ## - LOCALIZACIÓN
Ubicación ES-MaACL
Número de control de estantería C-45945
Sublocalización o colección R.79226
Holdings
Estatus retirado Estado de pérdida Estado de daño No para préstamo Biblioteca de origen Biblioteca actual Ubicación en estantería Fecha de adquisición Fuente de adquisición Total de préstamos Signatura topográfica completa Código de barras Visto por última vez Precio de reemplazo Tipo de ítem Koha
        Biblioteca del Ateneo de Madrid Biblioteca del Ateneo de Madrid Depósito 2 17/01/2008     C-45945 1136518 23/02/2023 23/02/2023 Libro impreso